| 000 | 01680nam a2200385 i 4500 | ||
|---|---|---|---|
| 001 | 991061729801406706 | ||
| 003 | ES-BaIT | ||
| 005 | 20260302091518.0 | ||
| 008 | 260302e202511 fr b 000 d fre c | ||
| 020 |
_a9782749816975 _q(rústica) |
||
| 020 |
_a2749816971 _q(rústica) |
||
| 035 | _a(OCoLC)1565479956 | ||
| 035 | _a(OCoLC)on1565479956 | ||
| 040 |
_aES-BaIT _bcat _erda _cES-BaIT |
||
| 080 | _a840-2"20" | ||
| 100 | 1 |
_aArnaud, Marc _eautor _9168758 |
|
| 245 | 1 | 0 |
_aC'est comme ça / _cMarc Arnaud |
| 264 | 1 |
_aParis : _bL'avant-scène théâtre, _cnovembre 2025 |
|
| 300 |
_a102 pàgines ; _c21 cm. |
||
| 336 |
_atext _btxt _2rdacontent |
||
| 337 |
_asense mediació _bn _2rdamedia |
||
| 338 |
_avolum _bnc _2rdacarrier |
||
| 490 | 1 |
_aL'avant-scène théâtre ; _vno 1584 |
|
| 500 | _aP9: D5, H4 en P6: D3, H3 | ||
| 500 | _aPublicat com no 1584 (novembre 2025) de la revista L'Avant-scène théâtre | ||
| 500 | _aEstrena Théâtre La Pépinière, el 14 de novembre de 2025 | ||
| 504 | _aInclou referències bibliogràfiques | ||
| 520 | _a"Mathias doit enterrer sa mère le jour où sa femme accouche. Sa mère, coincée entre le monde des vivants et celui des morts, lui parle et lui demande de l’aide. Le prêtre, l’employée de mairie, la jeune femme du funérarium, son père, sa sœur, et même un ange… Tout le monde donne son avis mais à la n, c’est Mathias qui doit faire un choix. C’est comme ça"-- Contracoberta | ||
| 650 | 0 |
_aPaternitat _vTextos dramàtics _9166437 |
|
| 650 | 0 |
_aMort _vTextos dramàtics _9105360 |
|
| 830 |
_aAvant-scène. _pThéâtre _vno 1584. _9168170 |
||
| 908 | _aCDMAE | ||
| 940 | _aCDMAE | ||
| 942 |
_2udc _c1 |
||
| 999 |
_c137173 _d137173 |
||